Fr. Conceicao Rodrigues College of Engineering

Principles Of management Information System (Record no. 23425)

MARC details
000 -LEADER
fixed length control field 00276nam a2200121Ia 4500
100 ## - MAIN ENTRY--PERSONAL NAME
Personal name Scott/G.M
245 ## - TITLE STATEMENT
Title Principles Of management Information System
260 ## - PUBLICATION, DISTRIBUTION, ETC.
Name of publisher, distributor, etc. McGraw Hill
Place of publication, distribution, etc. New York
Date of publication, distribution, etc. 1986
300 ## - PHYSICAL DESCRIPTION
Extent 618
546 ## - LANGUAGE NOTE
Language note ENGLISH
654 ## - SUBJECT ADDED ENTRY--FACETED TOPICAL TERMS
Focus term management
942 ## - ADDED ENTRY ELEMENTS (KOHA)
Koha item type BOOK
Holdings
Withdrawn status Lost status Damaged status Not for loan Collection Home library Current library Date acquired Total Checkouts Full call number Barcode Date last seen Price effective from Koha item type
        AFT Fr. Agnel's C.Rodrigues College of Engineering Fr. Agnel's C.Rodrigues College of Engineering 17/03/2023   AFT5336 17/03/2023 17/03/2023 BOOK